000 00234nmm a2200085Ia 4500
008 220120s9999||||xx |||||||||||||||||und||
100 _aPCQ
245 0 _aFebruary 2011 : 20 network optimization tools, 20 applicatio
260 _aCyber tech
999 _c139663
_d139663